Every Song by Poison - Statistics

General Stats
  • This quiz has been taken 16 times
  • The average score is 13 of 85
Answer Stats
Album Song % Correct
Look What the Cat Dragged In(1986) Look What the Cat Dragged In
90%
Open Up and Say... Ahh!(1988) Every Rose Has Its Thorn
80%
Open Up and Say... Ahh!(1988) Nothin' But a Good Time
60%
Flesh & Blood(1990) Something to Believe In
60%
Look What the Cat Dragged In(1986) Talk Dirty to Me
60%
Open Up and Say... Ahh!(1988) Fallen Angel
50%
Flesh & Blood(1990) (Flesh & Blood) Sacrifice
50%
Look What the Cat Dragged In(1986) I Won't Forget You
50%
Flesh & Blood(1990) Ride the Wind
50%
Flesh & Blood(1990) Unskinny Bop
50%
Look What the Cat Dragged In(1986) Cry Tough
40%
Hollyweird(2002) Hollyweird
40%
Look What the Cat Dragged In(1986) I Want Action
40%
Open Up and Say... Ahh!(1988) Look but You Can't Touch
40%
Native Tongue(1993) Native Tongue
40%
Crack a Smile... and More(2000) Crack a Smile
30%
Open Up and Say... Ahh!(1988) Love on the Rocks
30%
Power to the People(2000) Power to the People
30%
Native Tongue(1993) Stand
30%
Open Up and Say... Ahh!(1988) Tearin' Down the Walls
30%
Look What the Cat Dragged In(1986) #1 Bad Boy
20%
Open Up and Say... Ahh!(1988) Back to the Rocking Horse
20%
Open Up and Say... Ahh!(1988) Bad to Be Good
20%
Open Up and Say... Ahh!(1988) Good Love
20%
Look What the Cat Dragged In(1986) Let Me Go to the Show
20%
Flesh & Blood(1990) Life Goes On
20%
Look What the Cat Dragged In(1986) Play Dirty
20%
Crack a Smile... and More!(2000) Sexual Thing
20%
Flesh & Blood(1990) Valley of Lost Souls
20%
Flesh & Blood(1990) Ball and Chain
10%
Native Tongue(1993) Bastard Son of a Thousand Blues
10%
Look What the Cat Dragged In(1986) Blame It on You
10%
Native Tongue(1993) Blind Faith
10%
Native Tongue(1993) Body Talk
10%
Crack a Smile... and More!(2000) Lay Your Body Down
10%
Flesh & Blood(1990) Let It Play
10%
Open Up and Say... Ahh!(Bonus)(1988) Livin' for the Minute
10%
Flesh & Blood(1990) Poor Boy Blues
10%
Swallow This Live(1991) So Tell Me Why
10%
Native Tongue(1993) Stay Alive
10%
Power to the People(2000) Strange
10%
Native Tongue(1993) Theatre of the Soul
10%
Power to the People(2000) The Last Song
10%
Look What the Cat Dragged In(1986) Want Some, Need Some
10%
Native Tongue(1993) 7 Days over You
0%
Native Tongue(1993) Ain't That the Truth
0%
Crack a Smile... and More!(2000) Best Thing You Ever Had
0%
Crack a Smile... and More!(2000) Be the One
0%
Native Tongue(1993) Bring It Home
0%
Power to the People(2000) Can't Bring Me Down
0%
Flesh & Blood(1990) Come Hell or High Water
0%
Hollyweird(2002) Devil Woman
0%
Crack a Smile... and More!(2000) Baby Gets Around a Bit
0%
Crack a Smile... and More!(2000) Doin' as I Seen on My TV
0%
Flesh & Blood(1990) Don't Give Up an Inch
0%
Hollyweird(2002) Emperor's New Clothes
0%
Crack a Smile... and More!(Bonus)(2000) Face the Hangman
0%
Hollyweird(2002) Get 'Ya Some
0%
Hollyweird(2002) Home (Bret's Story)
0%
Hollyweird(2002) Home (C.C.'s Story)
0%
Power to the People(2000) I Hate Every Bone In Your Body But Mine
0%
Flesh & Blood(1990) Life Loves a Tragedy
0%
Hollyweird(2002) Livin' in the Now
0%
Crack a Smile... and More!(2000) Mr. Smiley
0%
Swallow This Live(1991) No More Lookin' Back (Poison Jazz)
0%
Crack a Smile... and More!(2000) No Ring, No Gets
0%
Crack a Smile... and More(2000) One More for the Bone
0%
Swallow This Live(1991) Only Time Will Tell
0%
Native Tongue(1993) Richie's Acoustic Thang
0%
Native Tongue(1993) Ride Child Ride
0%
Hollyweird(2002) Rockstar
0%
Crack a Smile... and More(2000) Set You Free
0%
Hollyweird(2002) Shooting Star
0%
Crack a Smile... and More!(2000) Shut Up, Make Love
0%
Swallow This Live(1991) Souls on Fire
0%
Flesh & Blood(1990) Strange Days of Uncle Jack
0%
Native Tongue(1993) Strike Up the Band
0%
Hollyweird(2002) Stupid, Stoned & Dumb
0%
Flesh & Blood(1990) Swampjuice (Soul-O)
0%
Crack a Smile... and More!(2000) That's the Way I Like It
0%
Native Tongue(1993) The Scream
0%
Crack a Smile... and More!(2000) Tragically Unhip
0%
Native Tongue(1993) Until You Suffer Some (Fire and Ice)
0%
Hollyweird(2002) Wasteland
0%
Hollyweird(2002) Wishful Thinkin'
0%
No matching quizzes found
Score Distribution
Percent of People with Each Score
Percentile by Number Answered
Your Score History
You have not taken this quiz